Tragedias

Wedi'i Gadw mewn:
Manylion Llyfryddiaeth
Prif Awdur: Esquilo (autor)
Fformat: Llyfr
Iaith:Sbaeneg
Cyhoeddwyd: Barcelona Gráficos Agustín Nuñez 1955
Cyfres:Obras maestras
Pynciau:
Tagiau: Ychwanegu Tag
Dim Tagiau, Byddwch y cyntaf i dagio'r cofnod hwn!

MARC

LEADER 00000nam a2200000 a 4500
001 UCH6760
003 CL-VaPUC
008 091109e19550000SP |||||||||||||||||spa|d
082 0 4 |a 882  |b ESQ  |2 21 
100 |a Esquilo  |e autor   |9 269410 
245 1 0 |a Tragedias 
300 |a 216 p 
942 |c BK 
945 |d 20091109 00:00:00  |a lazolas 
260 |a Barcelona  |b Gráficos Agustín Nuñez  |c 1955 
650 0 |a Tragedia griega  |9 265362 
583 |a last modification  |c 20091109 00:00:00  |k Rodrigo Vera 
490 0 |a Obras maestras 
999 |c 337586  |d 337584